Mundo y persona : ensayos para una teoría cristiana del hombre /
محفوظ في:
| المؤلف الرئيسي: | |
|---|---|
| مؤلفون آخرون: | |
| التنسيق: | كتاب |
| اللغة: | الإسبانية |
| منشور في: |
Madrid, España :
Guadarrama,
1963, c1963
|
| سلاسل: | (Cristianismo y Hombre Actual ;
44) (Los Libros del Monograma) |
| الموضوعات: | |
| الوسوم: |
لا توجد وسوم, كن أول من يضع وسما على هذه التسجيلة!
|
MARC
| LEADER | 00000nam^a2200000^a^4500 | ||
|---|---|---|---|
| 001 | 000182850 | ||
| 005 | 20250521000000.0 | ||
| 009 | 20260310102020.883 | ||
| 037 | |a Acervo ITESO - Biblioteca | ||
| 041 | |a ESP | ||
| 082 | |a 230. |b CRI V. 44 | ||
| 100 | |a Guardini, Romano |e (autor) | ||
| 240 | 1 | 1 | |a [Mundo y persona: ensayos para una teoría cristiana del hombre] |
| 245 | 1 | 0 | |a Mundo y persona : |b ensayos para una teoría cristiana del hombre / |c R. Guardini ; tr. por F. González Vicen. |
| 264 | 4 | |a Madrid, España : |b Guadarrama, |c 1963, c1963 | |
| 300 | |a 286 p. | ||
| 336 | |a texto |b txt |2 rdacontenido | ||
| 337 | |a sin mediación |b n |2 rdamedio | ||
| 338 | |a volumen |b nc |2 rdasoporte | ||
| 440 | 1 | |a (Cristianismo y Hombre Actual ; |v 44) | |
| 440 | 4 | |a (Los Libros del Monograma) | |
| 500 | |a Traducción de: Welt und Person. Versuche zur Christlichen Lehre vom Menschen | ||
| 649 | |a XX | ||
| 650 | |a Hombre (Teología) - |x Tema Principal | ||
| 650 | |a Hombre - |x Tema Principal | ||
| 650 | |a Creación | ||
| 650 | |a Teología Natural | ||
| 650 | |a Antropología Filosófica | ||
| 650 | |a Religión | ||
| 700 | |a González Vicén, Felipe |e (traducción) | ||
| 910 | |a Fondo General | ||
| 920 | |a Impresos - Libros | ||
| 930 | |a Colección General | ||
| 905 | |a 101 | ||
| 901 | |a 0500122808 |b IT1 |c ACC |u 20250521 | ||
| 902 | |a https://opac.biblio.iteso.mx/vufind/Record/000182850 | ||